happy - mitski lyrics - Statistics

General Stats
  • This quiz has been taken 189 times
  • The average score is 176 of 202
Answer Stats
Answer % Correct
verse 1 happy
99%
i
99%
me,
99%
me
99%
to
99%
came
98%
visit
98%
and
97%
he
96%
it
96%
on
96%
the
96%
you
96%
you;
96%
cookie
95%
so
95%
go,
94%
if
94%
of
94%
train
94%
take
93%
can
92%
in
92%
hear
91%
do
90%
him
90%
him,
90%
rumble,
90%
rumble
90%
tea,
90%
tea
90%
told
90%
way
90%
when
90%
be
89%
cookies
89%
no
89%
i'll
88%
all
87%
bought
87%
last
87%
use
87%
you're
87%
felt
86%
okay"
86%
one
86%
more
85%
going,
84%
heart
84%
have
83%
there's
83%
down,
82%
this
82%
see
80%
make
79%
cups
78%
"it'll
78%
poured
78%
with
78%
i'd
76%
laid
76%
wrappers
76%
anything
75%
empty
75%
stay
75%
will
74%
clean"
71%
leave
71%
myself,
69%
myself
69%
again,
67%
bathroom,
66%
door
66%
night,
66%
chorus oh,
66%
sighed
65%
was
65%
didn't
64%
around
63%
mumbled
63%
moon
61%
then,
60%
turned
60%
well,
60%
behind
59%
maybe
58%
locked
56%
signed
2%
No matching quizzes found
Score Distribution
Percent of People with Each Score
Percentile by Number Answered
Your Score History
You have not taken this quiz